<?xml version="1.0" encoding="UTF-8"?>
<record
    xmlns:xsi="http://www.w3.org/2001/XMLSchema-instance"
    xsi:schemaLocation="http://www.loc.gov/MARC21/slim http://www.loc.gov/standards/marcxml/schema/MARC21slim.xsd"
    xmlns="http://www.loc.gov/MARC21/slim">

  <leader>01077nam1a2200265 i 4500</leader>
  <controlfield tag="001">RU\NLR\BIBL_A\011292762</controlfield>
  <controlfield tag="005">20241114231928.0</controlfield>
  <datafield tag="035" ind1=" " ind2=" ">
    <subfield code="a">(NLR Aleph) 011292762</subfield>
  </datafield>
  <datafield tag="090" ind1=" " ind2=" ">
    <subfield code="a">10931577</subfield>
    <subfield code="c">10931577</subfield>
  </datafield>
  <datafield tag="100" ind1=" " ind2=" ">
    <subfield code="a">20160803g20159999k  y0rusy50      ca</subfield>
  </datafield>
  <datafield tag="101" ind1="0" ind2=" ">
    <subfield code="a">rus</subfield>
  </datafield>
  <datafield tag="102" ind1=" " ind2=" ">
    <subfield code="a">RU</subfield>
  </datafield>
  <datafield tag="105" ind1=" " ind2=" ">
    <subfield code="a">||||z||||||||</subfield>
  </datafield>
  <datafield tag="200" ind1="1" ind2=" ">
    <subfield code="a">&#x418;&#x43C;&#x435;&#x43D;&#x438;&#x442;&#x44B;&#x435; &#x431;&#x43E;&#x433;&#x430;&#x442;&#x44B;&#x440;&#x438; &#x41E;&#x431;&#x441;&#x43A;&#x43E;&#x433;&#x43E; &#x43A;&#x440;&#x430;&#x44F;</subfield>
    <subfield code="f">[&#x433;&#x43B;. &#x440;&#x435;&#x434;.: &#x421;.&#x421;. &#x414;&#x438;&#x43D;&#x438;&#x441;&#x43B;&#x430;&#x43C;&#x43E;&#x432;&#x430;, &#x43A;.&#x444;&#x438;&#x43B;&#x43E;&#x43B;.&#x43D;.]</subfield>
  </datafield>
  <datafield tag="210" ind1=" " ind2=" ">
    <subfield code="a">&#x425;&#x430;&#x43D;&#x442;&#x44B;-&#x41C;&#x430;&#x43D;&#x441;&#x438;&#x439;&#x441;&#x43A;</subfield>
    <subfield code="c">&#x42E;&#x433;&#x43E;&#x440;&#x441;&#x43A;&#x438;&#x439; &#x444;&#x43E;&#x440;&#x43C;&#x430;&#x442;</subfield>
    <subfield code="d">2015</subfield>
  </datafield>
  <datafield tag="215" ind1=" " ind2=" ">
    <subfield code="d">25</subfield>
  </datafield>
  <datafield tag="606" ind1=" " ind2=" ">
    <subfield code="a">&#x41C;&#x430;&#x43D;&#x441;&#x438;&#x439;&#x441;&#x43A;&#x438;&#x439; &#x44F;&#x437;&#x44B;&#x43A;</subfield>
    <subfield code="j">&#x41A;&#x43D;&#x438;&#x433;&#x438; &#x434;&#x43B;&#x44F; &#x447;&#x442;&#x435;&#x43D;&#x438;&#x44F;</subfield>
    <subfield code="9">1589752</subfield>
    <subfield code="3">RU\NLR\AUTH\66698580</subfield>
  </datafield>
  <datafield tag="606" ind1=" " ind2=" ">
    <subfield code="a">&#x413;&#x435;&#x440;&#x43E;&#x438;&#x447;&#x435;&#x441;&#x43A;&#x438;&#x439; &#x44D;&#x43F;&#x43E;&#x441; &#x43C;&#x430;&#x43D;&#x441;&#x438;&#x439;&#x441;&#x43A;&#x438;&#x439;</subfield>
    <subfield code="9">2623240</subfield>
    <subfield code="3">RU\NLR\AUTH\661559800</subfield>
  </datafield>
  <datafield tag="686" ind1="1" ind2=" ">
    <subfield code="a">&#x428;3(251.1=&#x41C;&#x430;)-611.0</subfield>
  </datafield>
  <datafield tag="686" ind1="1" ind2=" ">
    <subfield code="a">&#x428;166.511-93&#x440;&#x443;&#x441;91</subfield>
  </datafield>
  <datafield tag="702" ind1=" " ind2="1">
    <subfield code="4">570</subfield>
    <subfield code="7">ca</subfield>
    <subfield code="8">rus</subfield>
    <subfield code="a">&#x414;&#x438;&#x43D;&#x438;&#x441;&#x43B;&#x430;&#x43C;&#x43E;&#x432;&#x430;</subfield>
    <subfield code="b">&#x421;. &#x421;.</subfield>
    <subfield code="f">1960-</subfield>
    <subfield code="g">&#x421;&#x432;&#x435;&#x442;&#x43B;&#x430;&#x43D;&#x430; &#x421;&#x438;&#x43B;&#x438;&#x432;&#x451;&#x440;&#x441;&#x442;&#x43E;&#x432;&#x43D;&#x430;</subfield>
    <subfield code="9">237382</subfield>
    <subfield code="3">RU\NLR\AUTH\770237438</subfield>
  </datafield>
  <datafield tag="852" ind1=" " ind2=" ">
    <subfield code="a">NLR</subfield>
    <subfield code="j">2016-7/3703</subfield>
  </datafield>
  <datafield tag="942" ind1=" " ind2=" ">
    <subfield code="c">BOOK</subfield>
  </datafield>
</record>
